00473nam a22001577a 450000500170000001000150001702000110003203500140004303700130005708200160007024500740008626000350016027000710019530000190026670000300028520230921120059.0 aENG-138215 c700.00 aEN-121747 bDBAD/PUB a616.0759028 aPost Mortem Techniques And Diagnostic Procedures/cBinay Kumar Sinha aBiharbMRS. Pushpa Sinhac2011 a210/5,Vishal Residency ,Raja Bazaar Opp.Petrol PumpbPatnae800014 a614c25cm(pbk) aVolga Kalpana Kannabiran